[Event "San Cristobal de La Laguna op 5th"]
[Site "San Cristobal de La Laguna"]
[Date "2023.09.02"]
[Round "9"]
[White "Taleb Mohamed, Ahmed"]
[Black "Moreno Diepa, Diego"]
[Result "0-1"]
[WhiteElo "1925"]
[BlackElo "2059"]
[PlyCount "41"]
[EventDate "2023.08.26"]
[EventType "swiss"]
[EventRounds "9"]
[EventCountry "ESP"]
[SourceTitle "CBM 216 Extra"]
[Source "ChessBase"]
[SourceDate "2023.11.30"]
[SourceVersion "1"]
[SourceVersionDate "2023.11.30"]
[SourceQuality "1"]

1. e4 e6 2. d4 d5 3. Nc3 Nf6 4. Bg5 Be7 5. e5 Nfd7 6. h4 h6 7. Qh5 g6 8. Bxe7 Qxe7 9. Qg4 a6 10. Nf3 c5 11. dxc5 Nc6 12. Qf4 Nxc5 13. 0-0-0 b5 14. Nd4 Nxd4 15. Rxd4 Bb7 16. Rh3 Rc8 17. Bd3 Qd7 18. Rf3 Rf8 19. Bxb5 axb5 20. Nxb5 Rc6 21. Nd6+ 0-1

[Event "Online Olym Div3 D"]
[Site "Chess.com INT"]
[Date "2020.08.07"]
[Round "3.4"]
[White "Taleb Mohamed, Ahmed"]
[Black "Gemy Vargas, Jose Daniel"]
[Result "1/2-1/2"]
[WhiteElo "1950"]
[BlackElo "2380"]
[PlyCount "122"]
[EventDate "2020.08.07"]
[EventType "team-tourn (rapid)"]
[EventRounds "9"]
[EventCountry "USA"]
[SourceTitle "CBM 198"]
[Source "ChessBase"]
[SourceDate "2020.10.31"]
[SourceVersion "1"]
[SourceVersionDate "2020.10.31"]
[SourceQuality "1"]
[WhiteTeam "Mauritania"]
[BlackTeam "Bolivia"]
[WhiteTeamCountry "MAU"]
[BlackTeamCountry "BOL"]

1. e4 e5 2. Nf3 Nc6 3. Bc4 Bc5 4. c3 Nf6 5. d4 exd4 6. cxd4 Bb4+ 7. Bd2 Bxd2+ 8. Nbxd2 d5 9. exd5 Nxd5 10. Qb3 Na5 11. Qa4+ Nc6 12. Qb3 Nce7 13. 0-0 0-0 14. Rfe1 c6 15. a4 Qb6 16. a5 Qxb3 17. Nxb3 h6 18. Nc5 Rb8 19. Ne5 Rd8 20. Rad1 b6 21. Bxd5 Rxd5 22. axb6 axb6 23. Ncd3 Rxd4 24. Nxf7 Kf8 25. Nde5 Rxd1 26. Rxd1 Bf5 27. g4 Bxg4 28. Rd8+ Rxd8 29. Nxd8 Bc8 30. Ndxc6 Nxc6 31. Nxc6 Ke8 32. Kf1 Kd7 33. Nd4 Kd6 34. Ke2 Kd5 35. Ke3 g5 36. Kd3 Ba6+ 37. Ke3 Bc8 38. Kd3 h5 39. Ke3 Bh3 40. Nb5 Kc4 41. Nd6+ Kb3 42. Kd4 Bf1 43. Ne4 Kxb2 44. Nxg5 b5 45. f4 b4 46. f5 Bb5 47. f6 Be8 48. f7 Bxf7 49. Nxf7 b3 50. Ne5 Kc2 51. Nc4 h4 52. h3 b2 53. Nxb2 Kxb2 54. Ke4 Kc3 55. Kf4 Kd4 56. Kg4 Ke5 57. Kxh4 Kf6 58. Kh5 Kg7 59. Kg5 Kh8 60. Kg6 Kg8 61. Kh6 Kh8 1/2-1/2

[Event "Online Olym Div4 C"]
[Site "Chess.com INT"]
[Date "2020.08.02"]
[Round "7.2"]
[White "Taleb Mohamed, Ahmed"]
[Black "Mfune, Petros"]
[Result "0-1"]
[WhiteElo "1950"]
[BlackElo "1979"]
[PlyCount "68"]
[EventDate "2020.07.31"]
[EventType "team-tourn (rapid)"]
[EventRounds "9"]
[EventCountry "USA"]
[SourceTitle "CBM 198"]
[Source "ChessBase"]
[SourceDate "2020.10.31"]
[SourceVersion "1"]
[SourceVersionDate "2020.10.31"]
[SourceQuality "1"]
[WhiteTeam "Mauritania"]
[BlackTeam "Malawi"]
[WhiteTeamCountry "MAU"]
[BlackTeamCountry "MWI"]

1. e4 d5 2. exd5 Nf6 3. Bb5+ Nbd7 4. d4 Nxd5 5. Nf3 c6 6. Bd3 N7f6 7. h3 g6 8. a3 Bg7 9. c4 Nb6 10. Nc3 0-0 11. 0-0 Re8 12. Re1 a5 13. Bg5 a4 14. c5 Nbd5 15. Nxa4 Qa5 16. Bc2 Qc7 17. Ne5 Be6 18. Qd2 Nh5 19. Bh6 Rad8 20. Bxg7 Kxg7 21. Nc3 Nhf4 22. Nxd5 Nxd5 23. Rad1 Bc8 24. b4 f6 25. Nf3 Qf4 26. Qxf4 Nxf4 27. Bb3 g5 28. a4 h5 29. Nh2 Bf5 30. f3 Nd3 31. Re3 Nxb4 32. g4 Bg6 33. Kf2 h4 34. Nf1 Bc2 0-1

[Event "Online Olym Div4 C"]
[Site "Chess.com INT"]
[Date "2020.08.01"]
[Round "4.5"]
[White "Taleb Mohamed, Ahmed"]
[Black "Najjar, Ahmad"]
[Result "1/2-1/2"]
[WhiteElo "1950"]
[BlackElo "2256"]
[PlyCount "130"]
[EventDate "2020.07.31"]
[EventType "team-tourn (rapid)"]
[EventRounds "9"]
[EventCountry "USA"]
[SourceTitle "CBM 198"]
[Source "ChessBase"]
[SourceDate "2020.10.31"]
[SourceVersion "1"]
[SourceVersionDate "2020.10.31"]
[SourceQuality "1"]
[WhiteTeam "Mauritania"]
[BlackTeam "Lebanon"]
[WhiteTeamCountry "MAU"]
[BlackTeamCountry "LBN"]

1. e4 c5 2. Nc3 g6 3. d4 cxd4 4. Qxd4 Nf6 5. e5 Nc6 6. Qf4 Nh5 7. Qe4 Qa5 8. g4 Ng7 9. Bb5 h5 10. Bd2 Ne6 11. 0-0-0 hxg4 12. h3 a6 13. Bxc6 dxc6 14. Kb1 Bg7 15. f4 gxf3 16. Nxf3 Nc5 17. Qf4 Be6 18. Ng5 0-0-0 19. Nd5 Qb5 20. c4 Qxb2+ 21. Kxb2 Nd3+ 22. Kb3 Nxf4 23. Nxf4 Bxe5 24. Nfxe6 fxe6 25. Nf7 Bf6 26. Nxd8 Rxd8 27. Ba5 Rh8 28. Rd3 c5 29. Bb6 Bd4 30. Re1 e5 31. Rf1 Kd7 32. Ba5 Ke6 33. Bd2 b5 34. Bg5 Rb8 35. a3 bxc4+ 36. Kxc4 Rb2 37. Rd2 Rb8 38. Rf3 e4 39. Rb3 Rf8 40. Rb7 Rf3 41. Rc2 Rxh3 42. Rxe7+ Kf5 43. Bd2 Rxa3 44. Kd5 e3 45. Be1 Ra1 46. Re2 Rd1 47. Rf7+ Bf6+ 48. Kxc5 Ke6 49. Rb7 Bd4+ 50. Kc4 Ke5 51. Bg3+ Ke4 52. Rf7 Rc1+ 53. Kb3 Kd3 54. Ra2 Rb1+ 55. Ka4 e2 56. Ra3+ Kc4 57. Rc7+ Bc5 58. Ra2 Rb4+ 59. Ka5 Rb5+ 60. Kxa6 Rb6+ 61. Ka5 Rb5+ 62. Ka6 Rb6+ 63. Ka5 Rb5+ 64. Ka4 Rb4+ 65. Ka5 Rb5+ 1/2-1/2

[Event "Online Olym Div4 C"]
[Site "Chess.com INT"]
[Date "2020.07.31"]
[Round "1.3"]
[White "Simelane, Wandile"]
[Black "Taleb Mohamed, Ahmed"]
[Result "1-0"]
[WhiteElo "1560"]
[BlackElo "1950"]
[PlyCount "49"]
[EventDate "2020.07.31"]
[EventType "team-tourn (rapid)"]
[EventRounds "9"]
[EventCountry "USA"]
[SourceTitle "CBM 198"]
[Source "ChessBase"]
[SourceDate "2020.10.31"]
[SourceVersion "1"]
[SourceVersionDate "2020.10.31"]
[SourceQuality "1"]
[WhiteTeam "Swaziland"]
[BlackTeam "Mauritania"]
[WhiteTeamCountry "SWA"]
[BlackTeamCountry "MAU"]

1. e4 e5 2. Nf3 Nc6 3. Bb5 Nf6 4. Bxc6 dxc6 5. 0-0 Bd6 6. d4 Qe7 7. dxe5 Bxe5 8. Nxe5 Qxe5 9. Nd2 0-0 10. Nf3 Qb5 11. Qd4 Bg4 12. e5 Rad8 13. Qf4 Bxf3 14. exf6 Bh5 15. fxg7 Kxg7 16. Qh6+ Kh8 17. Bg5 f6 18. Bxf6+ Rxf6 19. Qxf6+ Kg8 20. Qxd8+ Kg7 21. Rfe1 Qxb2 22. Qg5+ Bg6 23. Re7+ Kf8 24. Rae1 Qb4 25. Qh6+ 1-0

[Event "Online Olym Div4 C"]
[Site "Chess.com INT"]
[Date "2020.07.31"]
[Round "2.4"]
[White "Taleb Mohamed, Ahmed"]
[Black "Al Ansi, Amin Hassan"]
[Result "1-0"]
[WhiteElo "1950"]
[BlackElo "1816"]
[PlyCount "93"]
[EventDate "2020.07.31"]
[EventType "team-tourn (rapid)"]
[EventRounds "9"]
[EventCountry "USA"]
[SourceTitle "CBM 198"]
[Source "ChessBase"]
[SourceDate "2020.10.31"]
[SourceVersion "1"]
[SourceVersionDate "2020.10.31"]
[SourceQuality "1"]
[WhiteTeam "Mauritania"]
[BlackTeam "Oman"]
[WhiteTeamCountry "MAU"]
[BlackTeamCountry "OMN"]

1. e4 d5 2. exd5 Qxd5 3. Nc3 Qd6 4. d4 Nf6 5. Bc4 a6 6. Nge2 e6 7. Bf4 Qd7 8. 0-0 b5 9. Bd3 Bb7 10. f3 c5 11. Kh1 Be7 12. Ne4 c4 13. Nxf6+ Bxf6 14. Be4 Nc6 15. c3 Rd8 16. Qc2 Ne7 17. Ng3 g6 18. Bxb7 Qxb7 19. Ne4 Bg7 20. Nd6+ Rxd6 21. Bxd6 Nf5 22. Bf4 0-0 23. Qe4 Qd7 24. Rfe1 Ne7 25. Be5 Nd5 26. Bxg7 Kxg7 27. a3 a5 28. h4 a4 29. h5 Re8 30. hxg6 hxg6 31. Kg1 Rh8 32. Kf2 Rh5 33. Rh1 Rxh1 34. Rxh1 Qe7 35. Re1 Qg5 36. g3 Qd2+ 37. Re2 Qc1 38. f4 Ne7 39. Qe5+ Kg8 40. Kg2 Nf5 41. Qb8+ Kg7 42. Qe5+ Kg8 43. Qxb5 Ne3+ 44. Kf3 Nd5 45. Qb8+ Kh7 46. Rh2+ Kg7 47. Qh8# 1-0

[Event "Online Olym Base C"]
[Site "Chess.com INT"]
[Date "2020.07.26"]
[Round "6.5"]
[White "Croes, Octavio"]
[Black "Taleb Mohamed, Ahmed"]
[Result "1/2-1/2"]
[WhiteElo "1801"]
[BlackElo "1950"]
[PlyCount "143"]
[EventDate "2020.07.25"]
[EventType "team-tourn (rapid)"]
[EventRounds "9"]
[EventCountry "USA"]
[SourceTitle "CBM 198"]
[Source "ChessBase"]
[SourceDate "2020.10.31"]
[SourceVersion "1"]
[SourceVersionDate "2020.10.31"]
[SourceQuality "1"]
[WhiteTeam "Aruba"]
[BlackTeam "Mauritania"]
[WhiteTeamCountry "ARN"]
[BlackTeamCountry "MAU"]

1. d4 d5 2. Nf3 Nf6 3. c4 e6 4. g3 c5 5. cxd5 exd5 6. Nc3 h6 7. Bg2 Nc6 8. 0-0 Be6 9. Bf4 a6 10. dxc5 Bxc5 11. Ne5 0-0 12. Rc1 Ba7 13. Nxc6 bxc6 14. Na4 Qa5 15. Bd6 Rfc8 16. b4 Qb5 17. a3 Bg4 18. Nc3 Qb7 19. h3 Be6 20. Na4 Qd7 21. Bc5 Bxh3 22. Bxa7 Bxg2 23. Kxg2 Qxa7 24. Qd3 a5 25. b5 cxb5 26. Qxb5 Rxc1 27. Rxc1 Rb8 28. Qd3 Ne4 29. e3 Qd7 30. Nc5 Nxc5 31. Rxc5 a4 32. Rxd5 Qc6 33. e4 g6 34. Qd4 Re8 35. f3 Qc2+ 36. Kh3 Qc8+ 37. g4 Qc6 38. Rc5 Qa6 39. Rc4 Ra8 40. Rc7 Rf8 41. Rc4 Ra8 42. Rc7 Qf1+ 43. Kg3 Qe1+ 44. Qf2 Qa1 45. Qe3 Qe5+ 46. Qf4 Qe6 47. e5 Re8 48. Qf6 Qxe5+ 49. Qxe5 Rxe5 50. Ra7 h5 51. gxh5 Rxh5 52. Rxa4 Kg7 53. Ra7 Rb5 54. a4 Rb3 55. a5 Ra3 56. a6 Ra4 57. Ra8 Kf6 58. a7 Kf5 59. Kf2 f6 60. Ke3 Ra3+ 61. Ke2 Kf4 62. Rf8 Ra2+ 63. Kd3 Rxa7 64. Rxf6+ Kg5 65. Rb6 Re7 66. Rb4 Kf5 67. Rg4 g5 68. Ra4 Re1 69. Kd2 Re7 70. Kd3 Re5 71. Rb4 Re7 72. Ra4 1/2-1/2

[Event "Bamako zt 4.1"]
[Site "Bamako"]
[Date "2018.06.23"]
[Round "4.3"]
[White "Taleb Mohamed, Ahmed"]
[Black "Abderrahim Taleb, Mohamed"]
[Result "0-1"]
[WhiteElo "1972"]
[BlackElo "1724"]
[PlyCount "42"]
[EventDate "2018.06.21"]
[EventType "swiss"]
[EventRounds "9"]
[EventCountry "MLI"]
[SourceTitle "EXT 2019"]
[Source "ChessBase"]
[SourceDate "2018.10.10"]
[SourceVersion "1"]
[SourceVersionDate "2018.10.10"]
[SourceQuality "1"]

1. e4 e6 2. d4 d5 3. exd5 exd5 4. Nf3 Nf6 5. Bd3 Bd6 6. 0-0 0-0 7. Re1 c6 8. h3 h6 9. Nbd2 Nbd7 10. Nf1 b6 11. Ne3 Re8 12. Bd2 Bb7 13. c3 Qc7 14. Nf5 Bf8 15. Qb3 c5 16. dxc5 bxc5 17. Bb5 a6 18. Bxd7 Qxd7 19. Ng3 Bd6 20. Nf5 Bf8 21. Bf4 Qxf5 0-1

[Event "Bamako zt 4.1"]
[Site "Bamako"]
[Date "2018.06.22"]
[Round "2.2"]
[White "Taleb Mohamed, Ahmed"]
[Black "Belouadah, Saad"]
[Result "0-1"]
[WhiteElo "1972"]
[BlackElo "2410"]
[PlyCount "56"]
[EventDate "2018.06.21"]
[EventType "swiss"]
[EventRounds "9"]
[EventCountry "MLI"]
[SourceTitle "EXT 2019"]
[Source "ChessBase"]
[SourceDate "2018.10.10"]
[SourceVersion "1"]
[SourceVersionDate "2018.10.10"]
[SourceQuality "1"]

1. Nf3 d5 2. g3 Nf6 3. Bg2 Bf5 4. d3 e6 5. 0-0 h6 6. Nbd2 Bc5 7. Qe1 0-0 8. h3 Nc6 9. e4 Bh7 10. c3 dxe4 11. Nxe4 Nxe4 12. dxe4 Qd3 13. Bf4 Bb6 14. e5 Rfd8 15. Qd1 Qb5 16. Qc1 Qd3 17. Qd1 g5 18. Bd2 Be4 19. Be3 Bxe3 20. Qxd3 Bxd3 21. fxe3 Bxf1 22. Kxf1 Rd7 23. Ke2 Rad8 24. b4 Ne7 25. Nd4 Ng6 26. Bxb7 Nxe5 27. Rf1 c5 28. Nc6 Rd2+ 0-1

[Event "MTN-ch"]
[Site "Nouakchott"]
[Date "2015.12.21"]
[Round "3"]
[White "Taleb Mohamed, Ahmed"]
[Black "Sabar, Ethmane Daouda"]
[Result "1/2-1/2"]
[WhiteElo "1987"]
[BlackElo "1994"]
[PlyCount "92"]
[EventDate "2015.12.19"]
[EventType "swiss"]
[EventRounds "9"]
[EventCountry "MAU"]
[SourceTitle "EXT 2018"]
[Source "ChessBase"]
[SourceDate "2017.10.13"]
[SourceVersion "1"]
[SourceVersionDate "2017.10.13"]
[SourceQuality "1"]

1. e4 e5 2. Nf3 Nc6 3. Nc3 Bc5 4. Nxe5 Nxe5 5. d4 Bd6 6. dxe5 Bxe5 7. Bc4 Nf6 8. 0-0 0-0 9. Qd3 c6 10. f4 Bxc3 11. bxc3 d5 12. exd5 Nxd5 13. Ba3 Re8 14. Rae1 Bd7 15. Bc5 Qh4 16. g3 Qg4 17. Rxe8+ Rxe8 18. Bxa7 Bf5 19. Qf3 Qxf3 20. Rxf3 Bxc2 21. Bd4 Re1+ 22. Rf1 Rxf1+ 23. Kxf1 b5 24. Bb3 Bd3+ 25. Kf2 Kf8 26. a3 f5 27. a4 Nc7 28. a5 g6 29. Be5 Na6 30. Be6 c5 31. Ke3 Bf1 32. Bc8 b4 33. Bxa6 Bxa6 34. cxb4 cxb4 35. Bd6+ Ke8 36. Bxb4 Kd7 37. Kd4 Kc6 38. h4 h5 39. Ke5 Be2 40. Kf6 Bg4 41. Kxg6 Kb5 42. Be1 Ka6 43. Kf6 Kb7 44. Ke7 Be2 45. Ke6 Bg4 46. Kf7 Ka6 1/2-1/2

[Event "Arab Clubs-chT"]
[Site "Agadir"]
[Date "2015.10.15"]
[Round "4.4"]
[White "Taleb Mohamed, Ahmed"]
[Black "Ismael Namir, Mohammed Ismael"]
[Result "0-1"]
[WhiteElo "1976"]
[BlackElo "2256"]
[PlyCount "73"]
[EventDate "2015.10.13"]
[EventType "team-swiss"]
[EventRounds "9"]
[EventCountry "MAR"]
[SourceTitle "CBM 170 Extra"]
[Source "ChessBase"]
[SourceDate "2016.02.25"]
[SourceVersion "1"]
[SourceVersionDate "2016.02.25"]
[SourceQuality "1"]
[WhiteTeam "Teyarett"]
[BlackTeam "Etisalat"]
[WhiteTeamCountry "MAU"]
[BlackTeamCountry "IRQ"]

1. e4 c5 2. Nf3 Nc6 3. Bb5 g6 4. Bxc6 dxc6 5. d3 Bg7 6. h3 Nf6 7. Nc3 0-0 8. Bf4 Nh5 9. Be3 Qd6 10. Qd2 e5 11. Bh6 Re8 12. Bxg7 Kxg7 13. g4 Nf4 14. 0-0-0 Rh8 15. Ne2 Nxe2+ 16. Qxe2 h5 17. Nd2 hxg4 18. Nc4 Qf6 19. hxg4 Be6 20. Ne3 Qf4 21. Kb1 Rh2 22. Rxh2 Qxh2 23. Qf3 Qf4 24. Qe2 Rh8 25. b3 Rh3 26. Rg1 Rh2 27. Rf1 b5 28. Qd2 b4 29. a3 Bxg4 30. axb4 Bh3 31. Re1 Rxf2 32. Qc3 cxb4 33. Qxc6 Be6 34. Nd5 Qh2 35. Rc1 g5 36. Nc7 Kf6 37. Qd6 0-1

[Event "Africa zt 4.1"]
[Site "Hammamet"]
[Date "2015.03.29"]
[Round "6"]
[White "Taleb Mohamed, Ahmed"]
[Black "Abdellahi, Sidi"]
[Result "1-0"]
[WhiteElo "1992"]
[BlackElo "1841"]
[PlyCount "27"]
[EventDate "2015.03.26"]
[EventType "swiss"]
[EventRounds "9"]
[EventCountry "TUN"]
[SourceTitle "CBM 165 Extra"]
[Source "ChessBase"]
[SourceDate "2015.04.21"]
[SourceVersion "1"]
[SourceVersionDate "2015.04.21"]
[SourceQuality "1"]

1. e4 e5 2. Nf3 Nc6 3. Bc4 Nf6 4. Ng5 d5 5. exd5 Nxd5 6. Nxf7 Kxf7 7. Qf3+ Ke6 8. Nc3 Ncb4 9. Qe4 c6 10. a3 Na6 11. d4 Bd6 12. Nxd5 cxd5 13. Qxd5+ Kd7 14. dxe5 1-0

[Event "Africa zt 4.1"]
[Site "Hammamet"]
[Date "2015.03.27"]
[Round "2"]
[White "Taleb Mohamed, Ahmed"]
[Black "Saim, Mohamed Ilias"]
[Result "1-0"]
[WhiteElo "1992"]
[BlackElo "2150"]
[PlyCount "127"]
[EventDate "2015.03.26"]
[EventType "swiss"]
[EventRounds "9"]
[EventCountry "TUN"]
[SourceTitle "CBM 165 Extra"]
[Source "ChessBase"]
[SourceDate "2015.04.21"]
[SourceVersion "1"]
[SourceVersionDate "2015.04.21"]
[SourceQuality "1"]

1. e4 e5 2. Nc3 d6 3. Nf3 Nf6 4. d4 Nbd7 5. Bc4 Be7 6. h3 0-0 7. 0-0 c6 8. Qe2 b5 9. Bb3 a5 10. a3 Ba6 11. dxe5 dxe5 12. Nd1 Qc7 13. Bg5 Nc5 14. Nd2 Rfd8 15. Bxf6 Bxf6 16. Re1 b4 17. Qe3 Qe7 18. Nf3 h6 19. g3 a4 20. Bxf7+ Kxf7 21. axb4 Ne6 22. Rxa4 Bb5 23. Rxa8 Rxa8 24. Qb3 Ra4 25. c3 Ra1 26. Ne3 Rxe1+ 27. Nxe1 Qd7 28. c4 Ba6 29. Nf3 Kf8 30. b5 Bb7 31. Nf5 c5 32. Qe3 Qd1+ 33. Kg2 Nd4 34. N3xd4 cxd4 35. Qa3+ Kg8 36. Qf3 Qc2 37. Nd6 Ba8 38. Qf5 d3 39. Qe6+ Kh8 40. Nf7+ Kh7 41. Nd6 d2 42. Qf5+ Kg8 43. Qc8+ Kh7 44. Qf5+ Kh8 45. Qc8+ Bd8 46. Qxd8+ Kh7 47. Qxa8 d1Q 48. Qf8 Qh5 49. b6 Qxb2 50. b7 Qhe2 51. b8Q Qxf2+ 52. Qxf2 Qxb8 53. Qf5+ Kg8 54. Qe6+ Kh7 55. Qxe5 Qb1 56. h4 Qc2+ 57. Kh3 Qd1 58. Qf5+ Kh8 59. Nf7+ Kg8 60. Nxh6+ Kh8 61. Nf7+ Kg8 62. Ng5 Qh1+ 63. Kg4 Qd1+ 64. Nf3 1-0

[Event "MTN-ch"]
[Site "Nouakchott"]
[Date "2015.01.02"]
[Round "10"]
[White "Abdellahi, Sidi"]
[Black "Taleb Mohamed, Ahmed"]
[Result "0-1"]
[WhiteElo "1919"]
[BlackElo "1976"]
[PlyCount "47"]
[EventDate "2014.12.27"]
[EventType "swiss"]
[EventRounds "11"]
[EventCountry "MAU"]
[SourceTitle "CBM 164 Extra"]
[Source "ChessBase"]
[SourceDate "2015.03.02"]
[SourceVersion "1"]
[SourceVersionDate "2015.03.02"]
[SourceQuality "1"]

1. Nf3 Nc6 2. g3 e5 3. d3 d5 4. Bg2 Nf6 5. 0-0 h6 6. Nfd2 Bg4 7. Qe1 Nd4 8. f3 Bc5 9. Kh1 Nxc2 10. Qd1 Nxa1 11. fxg4 Qd7 12. Nc3 Nxg4 13. Nf3 0-0-0 14. Bd2 Nf2+ 15. Rxf2 Bxf2 16. Qxa1 Qe7 17. Qc1 e4 18. Nh4 exd3 19. exd3 Qc5 20. Nf3 Rhe8 21. Bf4 g5 22. Be5 g4 23. d4 Qc6 24. Qd2 0-1

[Event "MTN-ch"]
[Site "Nouakchott"]
[Date "2014.12.28"]
[Round "3"]
[White "Taleb Mohamed, Ahmed"]
[Black "Sabar, Ethmane Daouda"]
[Result "1-0"]
[WhiteElo "1976"]
[BlackElo "1967"]
[PlyCount "51"]
[EventDate "2014.12.27"]
[EventType "swiss"]
[EventRounds "11"]
[EventCountry "MAU"]
[SourceTitle "CBM 164 Extra"]
[Source "ChessBase"]
[SourceDate "2015.03.02"]
[SourceVersion "1"]
[SourceVersionDate "2015.03.02"]
[SourceQuality "1"]

1. e4 c5 2. Nf3 Nc6 3. Bb5 Nd4 4. Nxd4 cxd4 5. 0-0 g6 6. c3 Bg7 7. cxd4 Qb6 8. Nc3 Qxd4 9. Nd5 Kd8 10. Qc2 e6 11. Qc7+ Ke8 12. Nc3 Be5 13. Qa5 b6 14. Qa3 Ne7 15. d3 Nc6 16. Bxc6 dxc6 17. Be3 Qxd3 18. Rad1 Qa6 19. Qb3 Bb7 20. f4 Bf6 21. f5 gxf5 22. exf5 Bc8 23. Ne4 Be5 24. Ng5 Qb5 25. Qc2 exf5 26. a4 1-0

[Event "MTN-ch"]
[Site "Nouakchott"]
[Date "2014.12.27"]
[Round "1"]
[White "Taleb Mohamed, Ahmed"]
[Black "Eyaha, Abdallahi"]
[Result "1/2-1/2"]
[WhiteElo "1976"]
[BlackElo "1698"]
[PlyCount "83"]
[EventDate "2014.12.27"]
[EventType "swiss"]
[EventRounds "11"]
[EventCountry "MAU"]
[SourceTitle "CBM 164 Extra"]
[Source "ChessBase"]
[SourceDate "2015.03.02"]
[SourceVersion "1"]
[SourceVersionDate "2015.03.02"]
[SourceQuality "1"]

1. e4 e6 2. Nf3 Bb4 3. c3 Ba5 4. d4 d5 5. Bd3 Ne7 6. Bg5 c6 7. Nbd2 Nd7 8. Qc2 Nf8 9. a4 Nfg6 10. b4 dxe4 11. Nxe4 Bc7 12. Ng3 Nf4 13. 0-0 Nxd3 14. Qxd3 0-0 15. Rfe1 f6 16. Bd2 Ng6 17. Nh5 e5 18. h3 Re8 19. Rad1 Qd6 20. Bc1 Bd7 21. dxe5 Qxd3 22. Rxd3 Bf5 23. Rde3 Nxe5 24. Nd4 Bd7 25. Kf1 Kf7 26. Nf4 Nc4 27. Rxe8 Rxe8 28. Rxe8 Bxe8 29. Nfe6 Bd6 30. Nd8+ Kg6 31. Nxb7 Be5 32. Ke2 Nb6 33. Nc5 Nd5 34. Bd2 Nxb4 35. Nf3 Nd5 36. Nxe5+ fxe5 37. Kd3 Kf6 38. Ne4+ Ke6 39. Kc4 Nb6+ 40. Kb4 Kd5 41. f3 Nc4 42. Bc1 1/2-1/2

[Event "Olympiad-41"]
[Site "Tromsoe"]
[Date "2014.08.14"]
[Round "11.3"]
[White "Taleb Mohamed, Ahmed"]
[Black "Van Hoolandt, Patrick"]
[Result "0-1"]
[WhiteElo "2024"]
[BlackElo "2236"]
[PlyCount "62"]
[EventDate "2014.08.02"]
[EventType "team-swiss"]
[EventRounds "11"]
[EventCountry "NOR"]
[SourceTitle "CBM 162"]
[Source "ChessBase"]
[SourceDate "2014.09.17"]
[SourceVersion "1"]
[SourceVersionDate "2014.09.17"]
[SourceQuality "1"]
[WhiteTeam "Mauritania"]
[BlackTeam "Monaco"]
[WhiteTeamCountry "MAU"]
[BlackTeamCountry "MNC"]

1. e4 e5 2. Nc3 Nc6 3. Bc4 Bc5 4. Nf3 Nf6 5. d3 d6 6. h3 a6 7. a4 Be6 8. Nd5 Bxd5 9. exd5 Ne7 10. Bg5 c6 11. dxc6 bxc6 12. Bb3 Ba7 13. Qe2 0-0 14. Nh4 Rb8 15. 0-0 Ng6 16. Nf5 Qd7 17. Nh6+ gxh6 18. Bxf6 Qf5 19. Qf3 Qxf3 20. gxf3 Rb4 21. Bc4 d5 22. c3 Rxb2 23. Ba2 Re8 24. d4 exd4 25. Rfe1 Re6 26. Rxe6 fxe6 27. Bxd4 Bxd4 28. cxd4 Nh4 29. f4 Nf3+ 30. Kg2 Nxd4 31. Bb1 Nb3 0-1

[Event "Olympiad-41"]
[Site "Tromsoe"]
[Date "2014.08.12"]
[Round "10.2"]
[White "Joseph, Elton"]
[Black "Taleb Mohamed, Ahmed"]
[Result "0-1"]
[WhiteElo "1779"]
[BlackElo "2024"]
[PlyCount "92"]
[EventDate "2014.08.02"]
[EventType "team-swiss"]
[EventRounds "11"]
[EventCountry "NOR"]
[SourceTitle "CBM 162"]
[Source "ChessBase"]
[SourceDate "2014.09.17"]
[SourceVersion "1"]
[SourceVersionDate "2014.09.17"]
[SourceQuality "1"]
[WhiteTeam "Bahamas"]
[BlackTeam "Mauritania"]
[WhiteTeamCountry "BAH"]
[BlackTeamCountry "MAU"]

1. c4 Nf6 2. Nc3 e5 3. g3 Bc5 4. e3 Nc6 5. Bg2 d5 6. cxd5 Nb4 7. d3 Nbxd5 8. a3 0-0 9. Nge2 Bg4 10. 0-0 Re8 11. h3 Be6 12. Qc2 Qe7 13. b4 Bb6 14. Bb2 Rad8 15. Rad1 c6 16. d4 Nxc3 17. Bxc3 e4 18. Bxe4 Bxh3 19. Bg2 Bxg2 20. Kxg2 Ng4 21. Rh1 h6 22. Qd3 Bc7 23. Rh4 Qg5 24. Nf4 Bxf4 25. exf4 Qd5+ 26. Qf3 f5 27. Rhh1 Re2 28. Qxd5+ cxd5 29. Rhe1 Ne3+ 30. Kf3 Nxd1 31. Rxd1 Ra2 32. Bd2 Rxa3+ 33. Be3 Rc8 34. Rb1 Rcc3 35. Ke2 Ra2+ 36. Kf3 b6 37. b5 Raa3 38. Ke2 Rcb3 39. Rc1 Rxb5 40. Rc7 a5 41. Rc2 Rab3 42. Bc1 a4 43. Ra2 Ra5 44. Kd2 b5 45. Kc2 Ra8 46. Bb2 Rf3 0-1

[Event "Olympiad-41"]
[Site "Tromsoe"]
[Date "2014.08.10"]
[Round "8.3"]
[White "Taleb Mohamed, Ahmed"]
[Black "Kobese, Watu"]
[Result "0-1"]
[WhiteElo "2024"]
[BlackElo "2333"]
[PlyCount "92"]
[EventDate "2014.08.02"]
[EventType "team-swiss"]
[EventRounds "11"]
[EventCountry "NOR"]
[SourceTitle "CBM 162"]
[Source "ChessBase"]
[SourceDate "2014.09.17"]
[SourceVersion "1"]
[SourceVersionDate "2014.09.17"]
[SourceQuality "1"]
[WhiteTeam "Mauritania"]
[BlackTeam "South Africa"]
[WhiteTeamCountry "MAU"]
[BlackTeamCountry "RSA"]

1. d4 d5 2. c4 e6 3. Nf3 c5 4. cxd5 exd5 5. g3 Nc6 6. Bg2 Nf6 7. 0-0 Be7 8. Be3 0-0 9. dxc5 Ng4 10. Bd4 Nxd4 11. Nxd4 Bxc5 12. Nc3 Nf6 13. Nb3 Bb6 14. Nxd5 Nxd5 15. Bxd5 Qf6 16. Qc2 Bh3 17. Bg2 Rac8 18. Qd3 Bxg2 19. Kxg2 Qxb2 20. Rfb1 Qf6 21. Qf3 Qxf3+ 22. Kxf3 Rc6 23. e3 Rfc8 24. Rc1 Kf8 25. Rxc6 Rxc6 26. Rc1 Rxc1 27. Nxc1 Ke7 28. Nd3 Ke6 29. e4 Bd4 30. Ke2 b5 31. f3 a5 32. Nf4+ Kd6 33. Nd5 Kc5 34. Kd3 b4 35. h3 f5 36. Nc7 fxe4+ 37. fxe4 Be5 38. Ne6+ Kd6 39. Nf4 Kc5 40. Ne2 a4 41. Kc2 Kc4 42. g4 b3+ 43. axb3+ axb3+ 44. Kd2 g5 45. Ng1 Bf4+ 46. Kd1 Kd3 0-1